000 00488cam a2200181ua 4500
001 10358
008 180609n ii |||gr||||Z||||||asm
040 _cMAIN
041 _aasm
082 _a891.4514
100 _aKakati, Dambaru,
_eAuthor.
245 _aSahitya sanskriti saurabh
_cEd. by Dambaru Kakati
250 _a1st ed.
260 _aSibsagar:
_bReception Committee, 59th session of Assam Sahitya Sabha,
_c1993.
300 _a306p.
653 _aAssamese literature
942 _cBK
999 _c9348
_d9348